Relatório apresentado ao governo municipal da cidade do Porto do Cachoeiro de Santa Leopoldina pelo seu Presidente Coronel Antonio José de Araújo Silva em 23 de maio de 1903 (Registro n. 770)
[ somente texto ]
| 000 -LÍDER | |
|---|---|
| campo de controle de tamanho fixo | 00992nam a22001937a 4500 |
| 003 - IDENTIFICADOR DO NÚMERO DE CONTROLE | |
| campo de controle | BR-ViAPE |
| 005 - DATA E HORÁRIO DA ÚLTIMA TRANSAÇÃO | |
| campo de controle | 20260603115922.0 |
| 008 - CAMPO DE DADOS FIXOS--INFORMAÇÃO GERAL | |
| campo de controle de tamanho fixo | 260603s1903 por gst|||s000 0 por d |
| 040 ## - FONTE DA CATALOGAÇÃO | |
| Instituição que transcreveu o registro | BR-ViAPE |
| 110 ## - ENTRADA PRINCIPAL--NOME CORPORATIVO | |
| Nome corporativo ou nome da jurisdição | Espírito Santo |
| Unidade subordinada | Estado |
| 245 ## - TÍTULO | |
| Título | Relatório apresentado ao governo municipal da cidade do Porto do Cachoeiro de Santa Leopoldina pelo seu Presidente Coronel Antonio José de Araújo Silva em 23 de maio de 1903 |
| 260 ## - PUBLICAÇÃO, DISTRIBUIÇÃO, ETC. | |
| Local de publicação, distribuição, etc. | Vitória |
| Nome do editor, distribuidor, etc. | Papelaria e typographia Nelson Costa & c. |
| Data da publicação, distribuição, etc. | 1903 |
| 300 ## - DESCRIÇÃO FÍSICA | |
| Extensão | 13 p. |
| Outros detalhes físicos | Documento digitalizado (PDF) |
| 500 ## - NOTA GERAL | |
| Nota geral | Documento digitalizado do acervo institucional do Arquivo Público do Estado do Espírito Santo - APEES. |
| 650 ## - ASSUNTO--TERMO TÓPICO | |
| Cabeçalho tópico ou nome geográfico | Administração pública |
| Subdivisão geral | Relatório |
| Subdivisão geográfica | Santa Leopoldina (ES) |
| 651 ## - ASSUNTO—LOCAIS GEOGRÁFICOS E HISTÓRICOS | |
| Nome geográfico | Espírito Santo (Brasil) |
| 856 ## - LOCALIZAÇÃO ELETRÔNICA E ACESSO | |
| Uniform Resource Identifier | <a href="https://ape.es.gov.br/Media/ape/PDF/Livros/Livros_Historicos/Obras_raras/1900_a_1910/APEES_OR_relatorio_sta_leopoldin_1903.pdf">https://ape.es.gov.br/Media/ape/PDF/Livros/Livros_Historicos/Obras_raras/1900_a_1910/APEES_OR_relatorio_sta_leopoldin_1903.pdf</a> |
| Texto de ligação | CLIQUE AQUI PARA ACESSAR O DOCUMENTO |
| 942 ## - ELEMENTOS DE ENTRADA ADICIONADOS (KOHA) | |
| Fonte da classificação ou esquema de arquivamento na estante | Dewey Decimal Classification |
| Tipo de material Koha | Obras Raras |
| Ocultar no OPAC | Yes |
| Status de descarte | Fonte da classificação ou esquema de arquivamento na estante | Status físico | Não pode ser emprestado | Biblioteca de origem | Biblioteca atual | Data de aquisição | Total de empréstimos | Data de último acesso | Preço efetivo de | Tipo de material Koha |
|---|---|---|---|---|---|---|---|---|---|---|
| Dewey Decimal Classification | Biblioteca do Arquivo Público do Estado do Espírito Santo | Biblioteca do Arquivo Público do Estado do Espírito Santo | 06/03/2026 | 06/03/2026 | 06/03/2026 | Obras Raras |